000 00737nam a2200253Ia 4500
003 OSt
005 20220926013551.0
006 a|||||r|||| 00| 0
007 ta
008 220923b |||||||| |||| 00| 0 eng d
037 _cGeneral Book
040 _aRTL
_cRTL
_beng
041 _2eng
_aeng
082 _aX:(B28), L1
100 _aHoel Paul G
245 0 _aBasic statistics for businees and economics
260 _aNew York
_bJohn Wiley
_c1971
300 _axiii,436p
_ccm.
490 _aWiley Series In Management And Adminisration
650 _aEconomic Statistics
700 _a Jessen Raymond J
_9318583
942 _hX:(B28), L1
_cGB
_2CC
999 _c626276
_d626276